000 00713nam a2200217Ii 4500
003 JO-AjNU
008 230605s9999||||xx |||||||||||||| ||und||
040 _aJO-AjNU
_bara
_erda
_cJO-AjNU
041 _aara
050 1 4 _aDS38.14 1988
100 3 _aالعمر، أحمد خطاب,
_eauthor
_938982
245 0 0 _aأبو جعفر النحاس
250 _aط1
264 3 1 _aد.م: دار الشئون الثقافية العامة، 1988
300 _a194ص
336 _atext
_btxt
_2rdacontent
337 _aunmediated
_bn
_2rdamedia
338 _avolume
_bnc
_2rdacarrier
490 0 _aسلسلة نوابغ الفكر العربي
650 4 _aابو جعفر النحاس -تراجم -تاريخ
_938983
999 _aA16425
_c19993
_d19993